[Event "POL-chT U20 1st League"]
[Site "Szczyrk"]
[Date "2017.07.26"]
[Round "5.28"]
[White "Wojdak, Jan"]
[Black "Kujawa, Krzysztof"]
[Result "0-1"]
[WhiteElo "1527"]
[BlackElo "1596"]
[PlyCount "128"]
[EventDate "2017.07.22"]
[EventType "team-tourn"]
[EventRounds "9"]
[EventCountry "POL"]
[SourceTitle "EXT 2019"]
[Source "ChessBase"]
[SourceDate "2018.10.10"]
[SourceVersion "1"]
[SourceVersionDate "2018.10.10"]
[SourceQuality "1"]

1. e4 c5 2. Nf3 e6 3. d4 cxd4 4. Nxd4 a6 5. Bd3 Bc5 6. Nb3 Be7 7. Qg4 Bf6 8. 0-0 d6 9. f4 Nc6 10. c3 Nge7 11. Be3 b6 12. N1d2 Rb8 13. Nf3 0-0 14. Qg3 Qc7 15. Rad1 Bb7 16. Qf2 Nc8 17. g4 b5 18. g5 Bd8 19. f5 Kh8 20. Qh4 Rg8 21. fxe6 fxe6 22. Qh3 g6 23. Qxe6 N8e7 24. Qh3 Bc8 25. Qg3 Be6 26. Nbd4 Bd7 27. Bf4 Nc8 28. e5 Qa7 29. exd6 Bb6 30. Be5+ Nxe5 31. Qxe5+ Rg7 32. Ne1 Bxd4+ 33. cxd4 Nb6 34. Rf7 Rbg8 35. Nc2 Qa8 36. Rdf1 Bh3 37. Be4 Qc8 38. Ne3 Bxf1 39. Nxf1 Qg4+ 40. Bg2 Nc4 41. Qf6 Qf5 42. Rxg7 Rxg7 43. Qd8+ Rg8 44. Qe7 Qf4 45. d7 Qxd4+ 46. Kh1 Qd6 47. Qe8 Nb6 48. Bh3 Qc6+ 49. Bg2 Qxd7 50. Qe5+ Qg7 51. Qd6 Nc4 52. Qxa6 Qxb2 53. a4 Na3 54. a5 b4 55. Qe6 b3 56. a6 Nb5 57. Qb6 Qe5 58. Qg1 b2 59. Nd2 Qe2 60. Nb1 Rc8 61. Bf1 Qe4+ 62. Bg2 Qxb1 63. Bf1 Qxf1 64. Qxf1 Rc1 0-1

[Event "POL-chT U20 1st League"]
[Site "Szczyrk"]
[Date "2017.07.22"]
[Round "1.22"]
[White "Kujawa, Krzysztof"]
[Black "Kulesza, Andrzej"]
[Result "1/2-1/2"]
[WhiteElo "1596"]
[BlackElo "1862"]
[PlyCount "68"]
[EventDate "2017.07.22"]
[EventType "team-tourn"]
[EventRounds "9"]
[EventCountry "POL"]
[SourceTitle "EXT 2019"]
[Source "ChessBase"]
[SourceDate "2018.10.10"]
[SourceVersion "1"]
[SourceVersionDate "2018.10.10"]
[SourceQuality "1"]

1. e4 c5 2. Nf3 d6 3. d4 cxd4 4. Nxd4 Nf6 5. Nc3 a6 6. Bc4 e6 7. Bb3 Nbd7 8. Bg5 Qa5 9. Bxf6 Nxf6 10. Qf3 Be7 11. 0-0-0 Qc7 12. Kb1 0-0 13. h4 Nd7 14. h5 h6 15. Qe3 Nc5 16. f4 Nxb3 17. axb3 Qc5 18. Qf3 e5 19. Nf5 Bxf5 20. exf5 exf4 21. Qxf4 Rfd8 22. Rhe1 Bg5 23. Qf3 Qc6 24. Qf2 d5 25. Re5 d4 26. Ne4 Qc7 27. Rc5 Qe7 28. Rxd4 b6 29. Rcc4 b5 30. Rxd8+ Rxd8 31. Rd4 Rxd4 32. Qxd4 Kh8 33. g4 Bf6 34. Nxf6 Qe1+ 1/2-1/2

[Event "POL Olympiad U14"]
[Site "Drzonkow"]
[Date "2017.04.06"]
[Round "6"]
[White "Kujawa, Krzysztof"]
[Black "Mike, Patryk"]
[Result "0-1"]
[WhiteElo "1457"]
[BlackElo "1849"]
[PlyCount "90"]
[EventDate "2017.04.02"]
[EventType "swiss"]
[EventRounds "9"]
[EventCountry "POL"]
[SourceTitle "EXT 2020"]
[Source "ChessBase"]
[SourceDate "2019.10.17"]
[SourceVersion "1"]
[SourceVersionDate "2019.10.17"]
[SourceQuality "1"]

1. e4 e5 2. Bc4 Nf6 3. d3 c6 4. Nf3 d5 5. Bb3 Bb4+ 6. c3 Bd6 7. Bg5 dxe4 8. dxe4 h6 9. Bxf6 Qxf6 10. Nbd2 Nd7 11. Qc2 Nc5 12. 0-0 Nxb3 13. axb3 0-0 14. Nc4 Bc7 15. Rfd1 Bg4 16. Rd3 a5 17. h3 Be6 18. Ne3 Qf4 19. Rdd1 Bxh3 20. Ne1 Be6 21. Ra3 Rad8 22. g3 Qf6 23. Nd3 Qf3 24. Nc5 Rxd1+ 25. Qxd1 Qxd1+ 26. Nxd1 Bc8 27. Ra1 Rd8 28. Kf1 b6 29. Na4 Bg4 30. Ne3 Bf3 31. c4 Bxe4 32. Nc3 Bg6 33. Ke2 Kf8 34. Kf3 Rd2 35. Ra2 Ke7 36. Nf1 Rd8 37. Ne3 Ke6 38. Ra1 Rd2 39. Ra2 f5 40. c5 e4+ 41. Kg2 b5 42. Nf1 Rd3 43. Ne2 Bf7 44. Ra1 g5 45. Ne3 f4 0-1

[Event "POL Olympiad U14"]
[Site "Drzonkow"]
[Date "2017.04.05"]
[Round "5"]
[White "Kujawa, Krzysztof"]
[Black "Gorkiewicz, Mateusz"]
[Result "0-1"]
[WhiteElo "1457"]
[BlackElo "1733"]
[PlyCount "136"]
[EventDate "2017.04.02"]
[EventType "swiss"]
[EventRounds "9"]
[EventCountry "POL"]
[SourceTitle "EXT 2020"]
[Source "ChessBase"]
[SourceDate "2019.10.17"]
[SourceVersion "1"]
[SourceVersionDate "2019.10.17"]
[SourceQuality "1"]

1. e4 e5 2. Bc4 Nf6 3. d3 Nc6 4. Nc3 Na5 5. Nge2 c6 6. a4 Nxc4 7. dxc4 Be7 8. 0-0 d6 9. a5 Be6 10. b3 0-0 11. f4 exf4 12. Bxf4 Qd7 13. Qe1 Rad8 14. Qf2 a6 15. Rad1 Qc7 16. c5 Nh5 17. cxd6 Bxd6 18. Bxd6 Rxd6 19. Rxd6 Qxd6 20. Qb6 Bc8 21. Rd1 Qf6 22. Qc7 Qg5 23. Rd3 Nf6 24. Rd8 Qc5+ 25. Kf1 Bg4 26. Rxf8+ Kxf8 27. Qb8+ Ne8 28. Qg3 Bxe2+ 29. Kxe2 Qxa5 30. e5 Nc7 31. Ne4 Qb5+ 32. c4 Qa5 33. Nd6 Qa2+ 34. Kd1 Qb1+ 35. Kd2 Qb2+ 36. Kd1 Ne6 37. Qf3 Qb1+ 38. Kd2 Qg6 39. Kc3 Nd8 40. Qh3 Qg5 41. Qf5 Qe7 42. c5 a5 43. Kd3 Ne6 44. Kc4 Kg8 45. g4 h6 46. h3 g6 47. Qf3 Nd8 48. Qf4 Qe6+ 49. Kc3 Kg7 50. Qd4 h5 51. Kb2 hxg4 52. hxg4 Kf8 53. Qf4 Ke7 54. Qd4 f6 55. Nc8+ Qxc8 56. exf6+ Kf7 57. Qd6 Qe6 58. Qc7+ Ke8 59. g5 Qe2+ 60. Ka3 Qe6 61. Ka4 Qd7 62. Qe5+ Ne6 63. Qb8+ Kf7 64. Qh8 Nxc5+ 65. Ka3 Ke6 66. Qg8+ Qf7 67. Qc8+ Ke5 68. Qb8+ Kf5 0-1

[Event "POL-ch U10"]
[Site "Jastrzebia Gora"]
[Date "2014.??.??"]
[Round "5"]
[White "Kujawa, Krzysztof"]
[Black "Szczepanowski, Tomasz"]
[Result "0-1"]
[WhiteElo "1400"]
[BlackElo "1193"]
[PlyCount "56"]
[EventDate "2014.03.??"]
[EventType "tourn"]
[EventRounds "9"]
[EventCountry "POL"]
[SourceTitle "EXT 2016"]
[Source "ChessBase"]
[SourceDate "2015.10.08"]
[SourceVersion "1"]
[SourceVersionDate "2015.10.08"]
[SourceQuality "1"]

1. e4 e5 2. Bc4 Bc5 3. Nc3 Nf6 4. d3 h6 5. f4 d6 6. Nf3 Nc6 7. Na4 Bb6 8. Nxb6 axb6 9. 0-0 Na5 10. Qe2 0-0 11. f5 Nxc4 12. dxc4 Bd7 13. Qd3 Qe8 14. Re1 b5 15. cxb5 Bxb5 16. Qc3 Bc6 17. Qd3 Ra4 18. Nd2 Rd4 19. Qf3 d5 20. exd5 Nxd5 21. Qf2 Rf4 22. Qg3 Rxf5 23. Nc4 Qe6 24. Rxe5 Rxe5 25. Nxe5 Re8 26. Nxc6 Qxc6 27. c3 Qb6+ 28. Qf2 Re1# 0-1